000 00871nam a2200265Ia 4500
001 Z_690
003 CHAP
008 220113s1967 xx 000 0 und d
010 _a163783
040 _cCHAP
090 _aTesis V 143
100 _aVázquez Gómez, Jorge
_9120374
245 _aAnálisis estadístico comparativo de experimentos en serie, usando el I y II concurso al azar de postura en jaulas, de la Escuela Nacional de Agricultura /
_cpor Jorge Vázquez Gómez
260 _aChapingo, Méx. :
_bEl autor,
_c1967
300 _a74 p.; ilus.
502 _aTesis (Ing. Agrónomo Esp. en Zootecnia) -- ENA. Departamento de Zootecnia
650 _aAves de corral
_xMejoramiento
_98659
650 _aConcurso al azar de postura en jaulas
_9137853
901 _aTESIS V 143
902 _aM
910 _a1967
942 _c2
942 _c2
999 _c163783
_d163783